1348 1952 1689 1682 1143 1183 1892 1168 1965 1845 1211 1377 1446 1782 1298 1282 1434 1219 1409 1033 1544 1212 1970 1946 1207 1294 1056 1121 1668 1371 1357 1611 1888 1915 1731 1850 1164 1711 1444 1068 1446 1069 1033 1003 1092 1667 1028 1240 1108 1212 1102 1114 1124 1401 1482 1218 1833 1430 1478 1568 1809 1020 1513 1752 1415 1460 1026 1785 1401 1718 1656 1812 1224 1355 1676 1273 1157 1322 1554 1291 1038 1488 1326 1214 1459 1611 1869 1603 1665 1796 1881 1826 1362 1707 1221 1886 1750 1323 1647 BCNSPRNW ULIB Ver.6.0+V

เปลี่ยนเป็นภาษาไทย

Change to English
 แสดงรายละเอียดบรรณานุกรม
  กลับหน้าหลัก

Brief Record : Get Marc (ISO 2709) : E-mail record : QR code < ปิดหน้าต่าง
LEADER : 00000nam a2200000Ia 4500
001    13399114833
003     ULIB
008    080203s2545 th 000 0 tha d
020    ^a9749076370
060 04 ^aWM290^bค338ล
100 1  ^aคาร์ร, อัลเลน
245 10 ^aเลิกบุหรี่ด้วยวิธีง่ายๆ =^bAllen Carr is easy way to stop
246 30 ^aAllen Carr is easy way to stop smoking
250    ^aพิมพ์ครั้งที่ 1
260    ^aกรุงเทพฯ :^bมูลนิธิรณรงค์เพื่อการไม่สูบบุหรี่,^c2545
300    ^a224 หน้า ; 21 ซม.
500    ^aSend to Single Search
650  4 ^aการเลิกบุหรี่
700 0  ^aวารุณี เวชกามา,^eผู้แปล
700 0  ^aกรองจิต วาทีสาธกกิจ,^eผู้แปล
700 1  ^aCarr, Allen.^tAllen Carr is easy way to stop smoking
710 2  ^aมูลนิธิรณรงค์เพื่อการไม่สูบบุหรี่
945    ^p140^l0^i031816
995    ^a เกษร
999 ^a ใช้งานได้ทุกระบบ
รายการนี้ยังไม่มีแท็ก
คุณยังไม่ได้ล็อกอิน คุณสามารถมีกิจกรรมร่วมกับเว็บไซต์ได้ แต่ต้องล็อกอินก่อน ::
  ล็อกอิน

รายการสื่อสารสนเทศ

ลำดับที่ ประเภท เลขเรียก/บาร์โค้ด สถานที่ สถานะ
- ไม่พบข้อมูล -

รายการใกล้เคียง
    หัวเรื่อง [การเลิกบุหรี่]

BibComment


ยังไม่เคยถูกคอมเมนท์

คอมเมนท์ทรัพยากรรายการนี้
  คอมเมนท์: เลิกบุหรี่ด้วยวิ..


 Copyright 2026. Bcnsprnw @Library